Quizzes
Events
Quiz Creation
Community
Videos
Private Events
Remove Ads
Sign In
Join for FREE
Feedback
Dark Mode
Quiz Categories
Sports
Geography
Music
Movies
Television
Just For Fun
Miscellaneous
History
Literature
Language
Science
Gaming
Entertainment
Religion
Holiday
For Kids
Quiz Lab
Recent
Popular Today
Quiz Kudos Today
Editor Picks
Curator Picks
Quizzes by...
Day
Popularity
Type
Ratings
Length
Year
Community
Subscriptions
Recent Discussions
Orange Saloon
Badges
Playlists
Quests
Create
Leaderboards
Showdown
Live 5
Trivia Bingo
Activity
Puzzle Library
Sporcle Events
Private Events
Virtual Trivia
Globe League
Become a Host
Pub Owners
SporcleCon
Opinionation
Our Games
Videos
Blog
Mobile Apps
Partnerships
Remove Ads and Go Orange
Feedback
Sports
Athletes
MLB
NBA
NHL
NFL
Soccer
Sports Teams
WWE
NCAA
Football
Premier League
Basketball
Baseball
Hockey
Golf
Tennis
Cricket
Rugby
Auto Racing
Olympics
World Cup
Sports
Athletes
MLB
NBA
NHL
NFL
Soccer
Sports Teams
WWE
NCAA
Football
Premier League
Basketball
Baseball
Hockey
Golf
Tennis
Cricket
Rugby
Auto Racing
Olympics
World Cup
Random Quiz
Search Sporcle
×
Quiz Lab
Quiz Lab
Sports
NBA
Type in answers that appear in a list
Type in answers that appear in a list
Classic
Best Score? Go Orange.
NBA teams' most recent former home arenas Stats
Can you name the NBA teams former home arenas?
By
bulldog88
10m
30 Questions
59 Plays
59 Plays
59 Plays
Comments
Comments
Give Quiz Kudos
Give Quiz Kudos
-
- Ratings
hide this ad
Replay
Link that replays current quiz
Next Quiz
Link to next quiz in quiz playlist
You Got
0%
They Got
Avg Score
29%
Avg Friend Score
Upgrade to see
Score Distribution
Jump to the score distribution portion of the page
Score
0/30
Timer
10:00
0
Plays Today
Team
Arena
% Correct
Boston Celtics
Boston Garden
81.4%
Chicago Bulls
Chicago Stadium
59.3%
Indiana Pacers
Market Square Arena
47.5%
Philadelphia 76ers
The Spectrum
47.5%
New York Knicks
Madison Square Garden
42.4%
Sacramento Kings
ARCO Arena
40.7%
Dallas Mavericks
Reunion Arena
39%
Los Angeles Lakers
Great Western Forum
39%
Oklahoma City Thunder
Key Arena
37.3%
San Antonio Spurs
Alamodome
37.3%
Charlotte Bobcats
Charlotte Coliseum
35.6%
Miami Heat
Miami Arena
33.9%
Detroit Pistons
Silverdome
32.2%
Houston Rockets
The Summit
32.2%
Memphis Grizzlies
The Pyramid
30.5%
Team
Arena
% Correct
Orlando Magic
Amway Arena
27.1%
Milwaukee Bucks
The MECCA
25.4%
New Jersey Nets
Izod Center
25.4%
Toronto Raptors
Skydome
25.4%
New Orleans Hornets
Ford Center
22%
Utah Jazz
Salt Palace
20.3%
Atlanta Hawks
Georgia Dome
16.9%
Denver Nuggets
McNichols Sports Arena
16.9%
Portland Trail Blazers
Memorial Coliseum
16.9%
Los Angeles Clippers
Los Angeles Memorial Sports Arena
10.2%
Phoenix Suns
Arizona Veterans Memorial Coliseum
10.2%
Minnesota Timberwolves
Hubert H. Humphrey Metrodome
8.5%
Cleveland Cavaliers
The Coliseum at Richfield
6.8%
Washington Wizards
US Airways Arena
5.1%
Golden State Warriors
San Jose Arena
1.7%
Quiz Playlist
Details
Report
Send in Message
Add To Playlist
Classic:
Type in answers that appear in a list
Last Updated: Feb 16, 2017
Quiz Scoreboard
CHALLENGE
Sign Up to Join the Scoreboard
Show All
Scores
Hide
Comments
May contain spoilers
Recently Published
Alphabetical 'K' Countries by Flag Minefield
by ylime102
Geography
3m
Pick 6: Fruits
by JohnFran
Miscellaneous
15s
Click the 1999 NBA Draft
by nibperrychub
Sports
2m
More to Explore
Quiz From the Vault
Featured Blog Post
15 Basketball Trivia Facts You Can Be March Mad About
hide this ad
You Might Also Like...
Tags
Basketball Quiz
NBA Quiz
arena
Former
home
team
Today's Top Quizzes in Sports
Browse Sports
hide this ad
Today's Top Quizzes in NBA
Browse NBA
Top Contributed Quizzes in Sports
1
Pick 6: NFL Teams
2
MLB 2 truths and a lie: Hall of Fame pitchers
3
Les joueurs à 100 buts en Ligue 1 Uber Eats
4
Don't Strike Out: 3000 Strikeouts
5
Criteria MLB: Left Handed Sluggers
6
Pick 6: Minor League Baseball
7
2022 World Cup Stars
8
Click the 1998 NBA Draft
9
Millionaire: NBA Finals Edition
10
MLB Players with Two .350 Batting Average Seasons
Explore More
Trending Topics
Anime
Marvel
Crossword
NBA
Kpop
Harry Potter
Disney
Puzzle
Pokémon
The Office
Country
NFL
Song
WWE
Soccer
hide this ad
More By:
bulldog88
Quiz
Plays
Rating
Category
Featured
Created
top 25 FBS single game rushing yards
60
5.00
Sports
Nov 6, 2013
NBA teams' most recent former home arenas
59
Sports
Dec 14, 2011
Atlantic Sun Conference Men's Tournament
36
1.00
Sports
Jan 19, 2011
Ohio State basketball
9
Sports
Apr 19, 2020
Go to Creator's Profile
Score Distribution
Quiz Creator Spotlight
bulldog88
Follow
Send a Message
Quizzes Created
-
Created Quiz Play Count
-
More By This Creator
Popular Quizzes Today
1
Find the US States - No Outlines Minefield
2
Countries of Asia Without Outlines Minefield
3
Pick 6: Fruits
4
Alphabetical 'K' Countries by Flag Minefield
5
The Countries of the World
6
Find the US States
7
Match the Book to the Film X
8
Click the 1999 NBA Draft
More Sports Quizzes
College Football Conference Champions 2010s
Published
Trending Quizzes
Pick 6: Harry Potter
Pick 6: Mountains
Pick 6: NFL Teams
Pick 6: Movie Franchises
Pick 6: Golfers
Recently Updated
NWSL Teams
pecheneg
Women's Final Four Teams by Year
bhenderson79
Presidents Quartet II
eogle
Anything But Clue(do)
eogle
Anything But Oceanian Capitals
eogle
Anything But 7
eogle
Anything But Thing
eogle
Word Ladder: February 29
pecheneg
Song Title Questions
pecheneg
Women's NCAA Tournament #1 Seeds
pecheneg
Trending Topics
NBA
Crossword
Kpop
Anime
Marvel
Harry Potter
Disney
NFL
Country
Song
Puzzle
Soccer
WWE
Pokémon
The Office
Your Account Isn't Verified!
In order to create a playlist on Sporcle, you need to verify the email address you used during registration. Go to your
Sporcle Settings
to finish the process.
Report this User
Report this user for behavior that violates our
Community Guidelines
.
Details:
Send Report
Go to the Sporcle.com Mobile Site →
Comments